=LDR 00000nam 2200000 4500 =001 INLIS000000000031919 =005 20130612133947 =008 ***********************************ind** =035 ##$$0010-061300000031919 =041 ##$$a ind =082 ##$$a 372.8 =090 ##$$a 372.8, Avi e =100 ##$$a Avianty,Ifa =245 ##$$a Ensiklopedia Anak Muslim A, Pahlawanku Berani Karena Benar, Ifa Avianty =260 ##$$a 2009 $b Jakarta =300 ##$$a 128 hlm, Ilus, 25 cm =650 ##$$a Pendididkan dasar-Sejarah =850 ##$$a NBPNMAT =990 ##$$a 0001/BPAP-NTB/20142014